000 00519nam a2200217Ia 4500
003 OSt
005 20220923230550.0
006 a|||||r|||| 00| 0
007 ta
008 Pun
024 _a283,269
037 _cTextual
040 _aARTS
_cARTS
_bPun
041 _2Pun
_aPun
082 _aO153,6xN, L7
245 0 _aਚੰਗੇਰੇ ਪੰਜਾਬੀ ਲੇਖ
260 _c1977
650 _aਪੰਜਾਬੀ ਸਾਹਿਤ
942 _hO153,6xN, L7
_cTEXL
_2CC
999 _c385757
_d385757